Normal view
MARC view
- Economics
Entry Topical Term
001 - CONTROL NUMBER
- control field: 3042
003 - CONTROL NUMBER IDENTIFIER
- control field: OSt
005 - DATE AND TIME OF LATEST TRANSACTION
- control field: 20200217173221.0
008 - FIXED-LENGTH DATA ELEMENTS
- fixed length control field: 200217|| aca||aabn | a|a d
040 ## - CATALOGING SOURCE
- Original cataloging agency: OSt
- Transcribing agency: OSt
150 ## - HEADING--TOPICAL TERM
- Topical term or geographic name entry element: Economics
670 ## - SOURCE DATA FOUND
- Source citation: Work cat.: (OSt)1757: R. Vernon & L.T.Wellsjr 3041, The Manager in the International Economics, 1996
